Philippine folk literature : (Record no. 117718)
[ view plain ]
| 000 -LEADER | |
|---|---|
| fixed length control field | 00569nam a2200169Ia 4500 |
| 008 - FIXED-LENGTH DATA ELEMENTS--GENERAL INFORMATION | |
| fixed length control field | 140529s9999 xx 000 0 und d |
| 020 ## - INTERNATIONAL STANDARD BOOK NUMBER | |
| International Standard Book Number | 9789715422949 |
| 050 ## - LIBRARY OF CONGRESS CALL NUMBER | |
| Classification number | GR 325 |
| Item number | .P44 2001 |
| 245 ## - TITLE STATEMENT | |
| Title | Philippine folk literature : |
| Remainder of title | the epics / |
| Statement of responsibility, etc | compiled and edited by Damiana L. Eugenio |
| 260 ## - PUBLICATION, DISTRIBUTION, ETC. (IMPRINT) | |
| Place of publication, distribution, etc | Quezon City, Philippines : |
| Name of publisher, distributor, etc | University of the Philippines Press, |
| Date of publication, distribution, etc | c2011. |
| 300 ## - PHYSICAL DESCRIPTION | |
| Extent | 600 p. ; |
| Dimensions | 23 cm. |
| 440 ## - SERIES STATEMENT/ADDED ENTRY--TITLE | |
| Title | (Philippine folk literature series). |
| 500 ## - GENERAL NOTE | |
| General note | Includes bibliographical references. |
| 521 ## - TARGET AUDIENCE NOTE | |
| Target audience note | |
| 942 ## - ADDED ENTRY ELEMENTS (KOHA) | |
| Call number prefix | Local |
| Koha item type | Books |
| Withdrawn status | Lost status | Source of classification or shelving scheme | Damaged status | Home library | Current library | Shelving location | Date acquired | Source of acquisition | Cost, normal purchase price | Total Checkouts | Full call number | Barcode | Date last seen | Date checked out | Price effective from | Koha item type |
|---|---|---|---|---|---|---|---|---|---|---|---|---|---|---|---|---|
| Library of Congress Classification | Archives | Archives | 05/30/2014 | Donation | 700.00 | 1 | GR 325 .P44 2001 | C16791 | 05/08/2018 | 08/26/2014 | 05/30/2014 | Books |